| LEADER 00000nam 2200000uu 4500 |
| 001 212337 |
| 003 ULIBM |
| 008 020711s2556 th a 000 0 tha d |
| 090 ^aวพ WQ 20 ป619ป 2556
|
| 100 ปิยรัตน์ โสมศรีแพง
|
| 245 รายงานวิทยานิพนธ์เรื่อง เปรียบเทียบการเตรียมคลอดและวิธีการเบ่งต่อผลการคลอดของมารดาที่คลอดครั้งแรก=^bComparison of childbirth preparation and pushing technique toward birth outcomes among nulliparous women/^cปิยรัตน์ โสมศรีแพง
|
| 246 31 ^aComparison of Childbirth Preparation and Pushing Technique Toward Birth Outcomes Among Nulliparous Women
|
| 260 ขอนแก่น :^bมหาวิทยาลัยขอนแก่น,^c2556
|
| 300 [ก-ฌ],92 หน้า;^bตาราง
|
| 500 ^aวิทยานิพนธ์ (พย.ม) - - สาขาวิชาการผดุงครรภ์ขั้นสูง บัณฑิตวิทยาลัย มหาวิทยาลัยขอนแก่น, 2556
|
| 650 4 การคลอด
|
| 650 4 ^aการทำคลอด
|
| 650 4 ^aวิทยานิพนธ์
|
| 999 ^aใช้งานได้ทุกระบบ
|